Tribes of Israel With a Map - Statistics

General Stats
  • This quiz has been taken 327 times
  • The average score is 7 of 12
Answers on the Map
Answers color-coded by a green-red scale on the quiz's map according to % correct below.
 
Answer Stats
% Correct
83%
73%
71%
63%
61%
59%
54%
52%
50%
48%
43%
42%
No matching quizzes found
Score Distribution
Percent of People with Each Score
Percentile by Number Answered
Your Score History
You have not taken this quiz